Score 0/25 Timer 04:00
0 Plays Today
Clue Word % Correct
Margaret Thatcher: 'I am in politics because of the conflict between ____ and evil.'GOOD
98.3%
Chess or Monopoly, e.g.GAME
92.6%
Amelia Earhart: 'The ____ effective way to do it, is to do it.'MOST
91.9%
Indira Gandhi: 'You cannot shake hands with a clenched ____.'FIST
91.6%
Marie Curie: 'Nothing in ____ is to be feared, it is only to be understood.'LIFE
90.1%
Bright green colorLIME
89.5%
Grocery shopping needLIST
89.5%
HoistLIFT
89.5%
Current state of mindMOOD
89.3%
Having an injured legLAME
88.9%
Strong windGALE
88.2%
Lavish social eventGALA
87.7%
Command given on a dogsledMUSH
87.4%
Clue Word % Correct
Susan B. Anthony: 'Organize, agitate, educate, ____ be our war cry.'MUST
86.1%
Having no practical significanceMOOT
85.7%
Korean War TV comedy with Loretta SwitM*A*S*H
84.8%
Amazing accomplishmentFEAT
82.2%
Future queen in 'The Lion King'NALA
81.8%
Suffix for big celebrationsFEST
81.7%
Rosa Parks: 'Knowing what must be done does away with ____.'FEAR
76.6%
Nobel Laureate portrayed in 'A Beautiful Mind'NASH
72.2%
Sally Ride: 'I did not come to ____ to make history.'NASA
71%
Small piece of glass used in a necklaceBEAD
70.2%
Endure a difficultyBEAR
66.5%
Margaret ____: 'Never doubt that a small group of thoughtful, committed citizens can change the world.'MEAD
57.1%

Today's Daily Dose

Missing Word
'T' Pairs

Word Ladder
Game Pieces

Get the Picture
Baseball Movies

Remove Ads.
Support Sporcle.
Get the best of Sporcle when you Go Orange. This ad-free experience offers more features, more stats, and more fun while also helping to support Sporcle. Thank you for becoming a member.

You're not logged in!

Compare scores with friends on all Sporcle quizzes.
OR
Log In

Show Comments

Extras

Top Quizzes Today


Score Distribution

Your Account Isn't Verified!

In order to create a playlist on Sporcle, you need to verify the email address you used during registration. Go to your Sporcle Settings to finish the process.

Report this User

Report this user for behavior that violates our Community Guidelines.

Details: